01201mam a2200265 a 4500001000800000005001700008008004100025020001500066035002300081040002300104043001200127082001600139110004700155245009900202260003300301300004100334500008000375505022600455650004000681650004500721650004700766653005000813710004900863740002300912336500920220326193303.0010214s2000 sp a c 000 0 spa d a8480269693 a(OCoLC)ocm46331181 aPL#cPL#dIBZdCLU as-cl--- a708bM986ma aMuseo Nacional Centro de Arte Reina Sofia 00aMás allá del documento :bMuseo Nacional Centro de Arte Reina Sofía, 12/XII/00-12/II/01. a[Spain] :bEl Museo,cc2000. a254 p. :bill. (some col.) ;c28 cm. aCatalog of one of five exhibitions collectively called 'Versiones del Sur'. tMas alla del Documento: una Introducción rMónica Amor - Octavio ZayatPerturbación del Archivo rCharles MerewethertAntes de ir más allárMargaret SundelltMarc Ferrez, algo más que vistas rFernando Azevedo 0aPhotography, ArtisticvExhibitions. 0aPhotographyzLatin AmericavExhibitions. 0aPhotographerszLatin AmericavExhibitions. aFotografíaaAmérica LatinaaExposiciones.2 aMuseo Nacional Centro de Arte Reina Sofía.0 aVersiones del Sur.